000 00644nam a22001217a 4500
040 _cRUA
082 _aDVM PHE 2025 B707 Or.1
100 _aPHENG CHHERT, ផេង ឆើត
245 _aCase Of Felines Urine bladder at animal hospotal in sangkat tonle bassac,khan chamkarmon, phnom penh, កណីបញ្ហាប្លោកនោមលើពិឡារ នៅមន្ទីរពេទ្យសត្វក្នុងសង្កាត់ទន្លេបាសាក់ ខណ្ឌចំការមន រាជធានីភ្នំពេញ
260 _aPHNOM PENH
_bRUA
_c2025
300 _ax,51p.
_bill.
_c29cm.
942 _cNRM
999 _c25684
_d25684